000 002330000a22000970004500
100 1 _aHunter, Kent R.
245 1 0 _aCost of the cross
300 _aVol 16, Núm 58 (1989), Páginas 19-20
773 0 _tWorld Evangelization
942 _cANA
999 _c57902
_d57902